| 000 | 01137nam a2200289 i 4500 | ||
|---|---|---|---|
| 001 | 178794 | ||
| 003 | ES-MaACL | ||
| 005 | 20240202145214.0 | ||
| 008 | 110629s2006 sp ao |||| |bspa d | ||
| 020 | _a978-84-233-3880-1 | ||
| 080 | _a929 Dalí, Salvador (047.53) | ||
| 100 | 1 |
_aDalí, Salvador. _942483 |
|
| 245 | 1 | 0 |
_aEntrevistas / _cSalvador Dalí ; edición y prólogo de Francisco Calvo Serraller ; con la colaboración del Centro de Estudios Dalinianos. |
| 250 | _a1ª ed. | ||
| 260 |
_aBarcelona : _bDestino, _c2006. |
||
| 300 |
_a1722 p. : _bil., fot. ; _c18 cm. |
||
| 490 | 1 |
_aObra literaria completa ; _v7 |
|
| 594 | _aEn port.: Fundació Gala-Salvador Dalí. Sociedad Estatal de Conmemoraciones Culturales. | ||
| 597 | _aGuardado en estuche. | ||
| 600 | 1 | 7 |
_aDalí, Salvador- _vEntrevistas. _9147281 |
| 700 |
_aCalvo Serraller, Francisco, _d1948-2018 _9235031 |
||
| 710 | 2 |
_aCentro de Estudios Dalinianos. _9147282 |
|
| 710 | 2 |
_aFundación Gala-Dalí. _9143642 |
|
| 830 | 0 |
_aObra literaria completa ; _v7 _9191031 |
|
| 852 |
_aES-MaACL _jP-2003 _z. - Enc. tela malva |
||
| 999 |
_c178794 _d178794 |
||